Wiley IFRS 2005 interpretation and application of International accounting and financial reporting standards

Saved in:
Bibliographic Details
Main Author: Epstein, Barry J.
Other Authors: Mirza, Abbas Ali
Format: Book
Language:English
Published: Hoboken John Wiley & Sons 2005
Subjects:
Tags: Add Tag
No Tags, Be the first to tag this record!

MARC

LEADER 00000nam$a2200000$$$4500
001 0027610
005 20221129083041.1
020 |a 0-471-66837-0 
041 0 |a eng 
044 |a US 
245 1 0 |a Wiley IFRS 2005  |b interpretation and application of International accounting and financial reporting standards  |c Barry J. Epstein, Abbas Ali Mirza 
264 1 |a Hoboken  |b John Wiley & Sons  |c 2005 
300 |a 987 s. 
610 2 0 |a štandardy účtovné medzinárodné 
610 2 0 |a štandardy 
610 2 0 |a nástroje finančné 
610 2 0 |a účtovníctvo 
610 2 0 |a prípady účtovné 
610 2 0 |a účtovníctvo medzinárodné 
610 2 0 |a IFRS 
610 2 0 |a výkazníctvo finančné 
100 1 |a Epstein, Barry J. 
700 1 |a Mirza, Abbas Ali